000 00303nam a22001217a 4500
008 160429b xxu||||| |||| 00| 0 eng d
020 _a9780130304575
020 _a0130304573
041 _aeng
080 _a618.2
245 _aMedical surgical nursing:
_cMary Ann Hogan; Tomas Madayag;
942 _2udc
_cBK
999 _c1669
_d1669